| 000 | 00818nam a22002177a 4500 | ||
|---|---|---|---|
| 003 | OSt | ||
| 005 | 20250517141103.0 | ||
| 008 | 241118b |||||||| |||| 00| 0 eng d | ||
| 040 | _c0 | ||
| 082 | _aDPer 647.94068 In821 August-October 2019 | ||
| 100 |
_aSun, Kyung-A. _eauthor. _964263 |
||
| 245 |
_aEffect of franchising on restaurant firms' risk evaluations in the bond market / _cKyung-A Sun, Sungbeen Park, Zeya He. |
||
| 260 |
_aAmsterdam ; _bElsevier, _cOctober 2019. |
||
| 300 |
_aVolume 66, pages 19-27, _billustration. |
||
| 500 | _aInternational Journal of Hospitality Management, v. 81, pages 19-27, August 2019. | ||
| 650 | 0 |
_aFranchising. _966815 |
|
| 700 |
_aSun, Kyung-A. _eauthor. _964263 |
||
| 700 |
_aPark, Sungbeen. _eauthor. _966816 |
||
| 700 |
_aHe, Zeya. _eauthor. _966817 |
||
| 942 |
_2ddc _cPER |
||
| 999 |
_c23222 _d23222 |
||